Counter Strike Major Winners - Statistics

General Stats
  • This quiz has been taken 48 times
    29 since last reset
  • The average score is 20 of 22
Answer Stats
Tournament Name Year Answer % Correct
PGL Major Stockholm 2021 Natus Vincere
100%
PGL Major Copenhagen 2024 Natus Vincere
100%
BLAST Paris Major 2023 Team Vitality
100%
EMS One Katowice 2014 Virtus.pro
100%
IEM Rio Major 2022 Virtus.pro (competed as Outsiders)
100%
ELEAGUE Major 2017 Astralis
95%
FACEIT Major: London 2018 Astralis
95%
IEM Katowice Major 2019 Astralis
95%
StarLadder Major: Berlin 2019 Astralis
95%
Dreamhack Winter 2013 Fnatic
95%
ESL One Katowice 2015 Fnatic
95%
ESL One Cologne 2015 Fnatic
95%
Perfect World Shanghai Major 2024 Team Spirit
95%
PGL Major Antwerp 2022 FaZe Clan
90%
ESL One Cologne 2014 Ninjas In Pijamas
90%
BLAST Austin Major 2025 Team Vitality
90%
ELEAGUE Major:Boston 2018 Cloud9
85%
DreamHack Winter 2014 Team LDLC.com
80%
PGL Major: Kraków 2017 Gambit Esports
75%
MLG Columbus 2016 Luminosity Gaming
75%
ESL One Cologne 2016 SK Gaming
70%
DreamHack Open Cluj-Napoca 2015 Team EnVyUs
60%
No matching quizzes found
Score Distribution
Percent of People with Each Score
Percentile by Number Answered
Your Score History
You have not taken this quiz since the last reset